LEADER 01178nam a2200289 i 4500 001 000000113592 003 CaOOAMICUS 005 20081021120730.0 008 081021s2007 it b 000 0 ita r 020 $a88-8333-126-5 040 $aPUL$bita$dLDB 100 1 $aLombo, José Angel.$0(OLS)http://pul/name/70073 245 10$aAntropologia filosofica :$buna introduzione /$cJosé Angel Lombo, Francesco Russo. 250 $a2. ed. riv. e corretta. 260 $aRoma :$bEDUSC,$c2007. 300 $a314 p. ;$c21 cm. 490 1 $aFilosofia e realtà 504 $aBibliografia in nota. 650 14$aAntropologia filosofica.$0(OLS)http://pul/subject/676 700 1 $aRusso, Francesco,$d1958-$0(OLS)http://pul/name/70072 830 0$aFilosofia e realtà.$0(OLS)http://pul/title/18008 850 $aPUL 852 $aPUL$W1$xSL Filosofia 3$y81$m128 LOMJO 1$j129787$qDDC 21$B128843$CPULBib$Z2$F128843 $H108446 $82 941 1 $a9 996 $6020$a88-8333-126-5$9(OLS)http://pul/number/138925 996 $6245$aAntropologia filosofica :$buna introduzione$9(OLS)http://pul/title/142729 996 $6260$aRoma :$bEDUSC$9(OLS)http://pul/publisher/79480 LEADER 01145nam a2200277 a 4500 001 000000136938 003 CaOOAMICUS 005 20140108114509.0 008 140108s1984 it i u000 u ita r 020 $a88-85027-88-1 040 $aPUL$bita 245 00$aStudi sull'ebraismo presentati ad Elio Toaff /$ca cura di Ariel Toaff. 260 $aRoma :$bCarucci,$c1984. 300 $a491 p. ; [8] c. di tav. :$bill. ;$c24 cm. 500 $aPubblicato in :"Annuario di studi ebraici", X(1980-1984). 500 $aIn testa al front.: "Collegio rabbinico italiano". 504 $aBibliografia in nota. 650 4$aEbraismo.$0(OLS)http://pul/subject/2238 700 1 $aToaff, Ariel,$d1942-$0(OLS)http://pul/name/23105 850 $aPUL 852 $aPUL$W1$xSL Diritto e Scienze Sociali 1$y4$m208 A 19.3$j157845$qStampati$B157273$CPULBib$Z2$F157273 $H52791 $81 941 1 $a8 996 $6020$a88-85027-88-1$9(OLS)http://pul/number/154269 996 $6245$aStudi sull'ebraismo presentati ad Elio Toaff$9(OLS)http://pul/title/173362 996 $6260$aRoma :$bCarucci$9(OLS)http://pul/publisher/48980